Biology For Neet/ (Record no. 205604)
[ view plain ]
| 000 -LEADER | |
|---|---|
| fixed length control field | 00842nam a22002417a 4500 |
| 005 - DATE AND TIME OF LATEST TRANSACTION | |
| control field | 20240918105232.0 |
| 010 ## - LCCN (DPL NO) | |
| LC control number | ENG-141659 ENG-141660 |
| 020 ## - INTERNATIONAL STANDARD BOOK NUMBER | |
| Terms of availability | 950.00 |
| International Standard Book Number | 9789393330895(Vol 1) |
| 020 ## - INTERNATIONAL STANDARD BOOK NUMBER | |
| Terms of availability | 695.00 |
| International Standard Book Number | 9789393330888 (Vol 2) |
| 035 ## - SYSTEM CONTROL NUMBER | |
| System control number | EN-125191 EN-125192 |
| 037 ## - SOURCE OF ACQUISITION | |
| Source of stock number/acquisition | DBAD/PUB |
| 082 ## - DEWEY DECIMAL CLASSIFICATION NUMBER | |
| Classification number | 574 |
| Edition number | 2 |
| 100 ## - MAIN ENTRY--PERSONAL NAME | |
| Personal name | Jha, Abhimanyu Kumar |
| 245 ## - TITLE STATEMENT | |
| Title | Biology For Neet/ |
| Statement of responsibility, etc | By Abhimanyu Kumar Jha; Runjhun Mathur [ and ] Meenakshi Jha |
| 260 ## - PUBLICATION, DISTRIBUTION, ETC. (IMPRINT) | |
| Place of publication, distribution, etc | Telangana |
| Name of publisher, distributor, etc | Universities Press ( India ) Private Limited |
| Date of publication, distribution, etc | 2024 |
| 270 ## - ADDRESS | |
| City | Hyderabad |
| Address | 3-6-747/1A & 3-6- 754/1, Himayatnagar, Hyderabad |
| Postal code | 500029 |
| 300 ## - PHYSICAL DESCRIPTION | |
| Extent | vp. |
| Dimensions | 28cm(pb) |
| 300 ## - PHYSICAL DESCRIPTION | |
| Extent | vp. |
| Other physical details | 28cm. |
| 490 ## - SERIES STATEMENT | |
| Volume number/sequential designation | Vol 1, Vol 2 |
| 700 ## - ADDED ENTRY--PERSONAL NAME | |
| Personal name | Mathur, Runjhun |
| Relator term | Author |
| 9 (RLIN) | 71138 |
| 700 ## - ADDED ENTRY--PERSONAL NAME | |
| Personal name | Jha, Meenakshi |
| Relator term | Author |
| 9 (RLIN) | 71139 |
| 942 ## - ADDED ENTRY ELEMENTS (KOHA) | |
| Source of classification or shelving scheme | Dewey Decimal Classification |
| Item type | English Books |
| Classification part | 574 |
| Call number suffix | JHA |
| Withdrawn status | Lost status | Materials specified (bound volume or other part) | Not for loan | Collection code | Home library | Current library | Date acquired | Source of acquisition | Cost, normal purchase price | Full call number | Barcode | Copy number | Cost, replacement price | Koha item type |
|---|---|---|---|---|---|---|---|---|---|---|---|---|---|---|
| VOL-1 | Non-fiction | Shahdara Branch | Shahdara Branch | 05/09/2024 | DBAD | 950.00 | 574 JHA | EN-125191 | 1 | 950.00 | English Books | |||
| VOL 2 | Non-fiction | Shahdara Branch | Shahdara Branch | 05/09/2024 | DBAD | 695.00 | 574 JHA | EN-125192 | 695.00 | English Books |
